[Event "Biel Blitz op 58th"]
[Site "Biel"]
[Date "2025.07.20"]
[Round "5"]
[White "Ho, Carter"]
[Black "Sanket, Chakravarty"]
[Result "1/2-1/2"]
[WhiteElo "1858"]
[BlackElo "2300"]
[PlyCount "76"]
[EventDate "2025.07.20"]
[EventType "swiss (blitz)"]
[EventRounds "13"]
[EventCountry "SUI"]
[SourceTitle "CB30_2025"]
[SourceDate "2025.07.23"]
[SourceVersion "1"]
[SourceVersionDate "2025.07.23"]
[SourceQuality "1"]

1. e4 c5 2. Nf3 e6 3. d4 cxd4 4. Nxd4 Nf6 5. Nc3 Nc6 6. Ndb5 Bb4 7. a3 Bxc3+ 8. Nxc3 d5 9. exd5 exd5 10. Bd3 0-0 11. 0-0 d4 12. Ne2 Bg4 13. f3 Bh5 14. Bg5 Rc8 15. Ng3 Bg6 16. Ne4 Ne5 17. Bxf6 gxf6 18. Qd2 Kg7 19. Rad1 Qb6 20. f4 Bxe4 21. fxe5 fxe5 22. Bxe4 f5 23. Bxf5 d3+ 24. Kh1 dxc2 25. Bxc2 Kh8 26. Qd7 Qh6 27. Qe7 Rfe8 28. Qf7 Rf8 29. Qb3 Rg8 30. Rf3 Rc7 31. Rdf1 Qd2 32. R3f2 Qg5 33. Be4 Qh4 34. Qd5 Qxf2 35. Qxe5+ Rgg7 36. Qe8+ Rg8 37. Qe5+ Rgg7 38. Qe8+ Rg8 1/2-1/2

[Event "Biel Blitz op 58th"]
[Site "Biel"]
[Date "2025.07.20"]
[Round "1"]
[White "Sanket, Chakravarty"]
[Black "Stefan, Iulia Cristiana"]
[Result "1-0"]
[WhiteElo "2300"]
[BlackElo "1854"]
[PlyCount "55"]
[EventDate "2025.07.20"]
[EventType "swiss (blitz)"]
[EventRounds "13"]
[EventCountry "SUI"]
[SourceTitle "CB30_2025"]
[SourceDate "2025.07.23"]
[SourceVersion "1"]
[SourceVersionDate "2025.07.23"]
[SourceQuality "1"]

1. c4 e6 2. Nf3 d5 3. e3 Nf6 4. Nc3 Bd6 5. b3 0-0 6. Bb2 b6 7. cxd5 exd5 8. Rc1 a6 9. Ne2 Bb7 10. g3 Nbd7 11. Ned4 c5 12. Nf5 Bb8 13. Bg2 Re8 14. 0-0 Ne5 15. d4 Nxf3+ 16. Qxf3 cxd4 17. Bxd4 Be5 18. Rfd1 Bxd4 19. Rxd4 Rc8 20. Rcd1 Qc7 21. h4 Ne4 22. Qg4 f6 23. Bxe4 Rxe4 24. Rxe4 dxe4 25. Rd7 Qc1+ 26. Kg2 g6 27. Nh6+ Kh8 28. Qe6 1-0

[Event "Munich Whitsun op-A 3rd"]
[Site "Munich"]
[Date "2025.06.11"]
[Round "6"]
[White "Khrapko, Marharyta"]
[Black "Sanket, Chakravarty"]
[Result "1/2-1/2"]
[WhiteElo "2152"]
[BlackElo "2303"]
[PlyCount "85"]
[EventDate "2025.06.08"]
[EventType "swiss"]
[EventRounds "9"]
[EventCountry "GER"]
[SourceTitle "CB26_2025"]
[SourceDate "2025.06.25"]
[SourceVersion "1"]
[SourceVersionDate "2025.06.25"]
[SourceQuality "1"]

1. e4 c5 2. Nf3 Nc6 3. Bb5 g6 4. Bxc6 dxc6 5. a4 a5 6. d3 Bg7 7. 0-0 Qc7 8. h3 e5 9. Be3 b6 10. Nbd2 f5 11. Nc4 Be6 12. exf5 gxf5 13. Ng5 Bxc4 14. dxc4 Ke7 15. Qh5 Nh6 16. Rad1 Rad8 17. Nxh7 Rxd1 18. Rxd1 f4 19. Qg6 Rg8 20. Ng5 Bf6 21. Qh7+ Rg7 22. Qxh6 Rxg5 23. Bc1 Qc8 24. Qh7+ Rg7 25. Qd3 Qe6 26. b3 Rg8 27. Re1 Rd8 28. Qh7+ Qf7 29. Qf5 Kf8 30. Bb2 Bg7 31. Qg5 Bf6 32. Qh6+ Kg8 33. Kh2 Rd6 34. g4 fxg3+ 35. fxg3 Bg7 36. Qxd6 Qf2+ 37. Kh1 Qxe1+ 38. Kg2 Qe4+ 39. Kg1 Qe3+ 40. Kg2 Qe2+ 41. Kg1 Qe1+ 42. Kg2 Qe4+ 43. Kg1 1/2-1/2

[Event "Norway Chess op-A"]
[Site "Stavanger"]
[Date "2025.05.27"]
[Round "5"]
[White "Gentemann, Moritz"]
[Black "Sanket, Chakravarty"]
[Result "0-1"]
[WhiteElo "2242"]
[BlackElo "2303"]
[PlyCount "60"]
[EventDate "2025.05.27"]
[EventType "swiss"]
[EventRounds "9"]
[EventCountry "NOR"]
[SourceTitle "CB23_2025"]
[SourceDate "2025.06.04"]
[SourceVersion "1"]
[SourceVersionDate "2025.06.04"]
[SourceQuality "1"]

1. c4 e6 2. Nf3 d5 3. e3 Nf6 4. Nc3 Bd6 5. b3 0-0 6. Bb2 Nc6 7. h3 a6 8. a3 Ne7 9. Be2 b6 10. 0-0 Bb7 11. cxd5 exd5 12. d4 Ng6 13. Bd3 Ne4 14. a4 f5 15. Ne2 Qe7 16. g3 Rae8 17. Nf4 Nh8 18. Qc1 g5 19. Ne2 Ng6 20. Ba3 f4 21. Bxd6 cxd6 22. exf4 gxf4 23. Kg2 Bc8 24. Neg1 Kh8 25. Ra2 Qg7 26. Ne2 fxg3 27. fxg3 Rxf3 28. Kxf3 Bxh3 29. Rg1 Qf6+ 30. Nf4 Ng5+ 0-1

[Event "Norway Chess op-A"]
[Site "Stavanger"]
[Date "2025.05.27"]
[Round "9"]
[White "Lie, Kjetil A"]
[Black "Sanket, Chakravarty"]
[Result "1/2-1/2"]
[WhiteElo "2493"]
[BlackElo "2303"]
[PlyCount "36"]
[EventDate "2025.05.27"]
[EventType "swiss"]
[EventRounds "9"]
[EventCountry "NOR"]
[SourceTitle "CB23_2025"]
[SourceDate "2025.06.04"]
[SourceVersion "1"]
[SourceVersionDate "2025.06.04"]
[SourceQuality "1"]

1. e4 c5 2. Nf3 e6 3. d4 cxd4 4. Nxd4 Nf6 5. Nc3 Nc6 6. Ndb5 Bb4 7. a3 Bxc3+ 8. Nxc3 d5 9. Bd3 dxe4 10. Nxe4 Nxe4 11. Bxe4 Qxd1+ 12. Kxd1 e5 13. Re1 f6 14. Bd2 Kf7 15. Re3 Be6 16. Rc3 Rac8 17. Bxc6 Rxc6 18. Rxc6 bxc6 1/2-1/2

[Event "Norway Chess op-A"]
[Site "Stavanger"]
[Date "2025.05.27"]
[Round "2"]
[White "Sanket, Chakravarty"]
[Black "Srikant Koduri, Advaitt"]
[Result "1-0"]
[WhiteElo "2303"]
[BlackElo "1988"]
[PlyCount "61"]
[EventDate "2025.05.27"]
[EventType "swiss"]
[EventRounds "9"]
[EventCountry "NOR"]
[SourceTitle "CB23_2025"]
[SourceDate "2025.06.04"]
[SourceVersion "1"]
[SourceVersionDate "2025.06.04"]
[SourceQuality "1"]

1. e4 c6 2. d4 d5 3. exd5 cxd5 4. Nf3 Nf6 5. Be2 Nc6 6. 0-0 Bg4 7. Nbd2 e6 8. h3 Bh5 9. c3 Bd6 10. Ne5 Bg6 11. f4 Bxe5 12. fxe5 Ne4 13. Nxe4 Bxe4 14. Bd3 Bxd3 15. Qxd3 Qe7 16. Qg3 f6 17. exf6 gxf6 18. Bh6 0-0-0 19. Qh4 f5 20. Bg5 Qg7 21. Bxd8 Nxd8 22. Rae1 Rg8 23. Rf2 Kd7 24. Qf4 Nf7 25. Rxe6 Kxe6 26. Qxf5+ Ke7 27. Re2+ Kd6 28. Re6+ Kc7 29. Re7+ Kb6 30. Qe6+ Ka5 31. Qxd5+ 1-0

[Event "Maharashtra op 3rd"]
[Site "Hadapsar"]
[Date "2025.04.25"]
[Round "7"]
[White "Stany, George Anthony"]
[Black "Sanket, Chakravarty"]
[Result "1-0"]
[WhiteElo "2454"]
[BlackElo "2317"]
[PlyCount "99"]
[EventDate "2025.04.20"]
[EventType "swiss"]
[EventRounds "10"]
[EventCountry "IND"]
[SourceTitle "CB18_2025"]
[SourceDate "2025.04.30"]
[SourceVersion "1"]
[SourceVersionDate "2025.04.30"]
[SourceQuality "1"]

1. e4 c6 2. d4 d5 3. exd5 cxd5 4. Bd3 Nc6 5. c3 Nf6 6. Bf4 Bg4 7. Qb3 Qd7 8. Nd2 e6 9. Ngf3 Bd6 10. Bxd6 Qxd6 11. 0-0 0-0 12. Rfe1 Bxf3 13. Nxf3 Qc7 14. Qd1 Rab8 15. a4 a6 16. Re3 b5 17. b4 Ne7 18. Ne5 Ne4 19. Bxe4 dxe4 20. Rxe4 Qxc3 21. Nd7 Qxb4 22. Nxf8 Rxf8 23. Qd3 Nd5 24. axb5 axb5 25. Ree1 Qc4 26. Qxc4 bxc4 27. Ra5 c3 28. Rea1 g6 29. Ra8 c2 30. Rxf8+ Kxf8 31. Kf1 Nb4 32. Ra8+ Ke7 33. Rc8 Kd6 34. Ke2 Nc6 35. Kd2 Nxd4 36. Rd8+ Ke5 37. Rd7 f5 38. Rxh7 g5 39. h3 Kf4 40. Rd7 e5 41. Rg7 e4 42. Rg8 g4 43. h4 g3 44. fxg3+ Ke5 45. Re8+ Kf6 46. Rc8 Kg6 47. Ke3 Ne6 48. Rxc2 Kh5 49. Rc6 Ng7 50. Kf4 1-0

[Event "Maharashtra op 3rd"]
[Site "Hadapsar"]
[Date "2025.04.20"]
[Round "1"]
[White "Sanket, Chakravarty"]
[Black "Charvi, A."]
[Result "1/2-1/2"]
[WhiteElo "2317"]
[BlackElo "2172"]
[PlyCount "80"]
[EventDate "2025.04.20"]
[EventType "swiss"]
[EventRounds "10"]
[EventCountry "IND"]
[SourceTitle "CB18_2025"]
[SourceDate "2025.04.30"]
[SourceVersion "1"]
[SourceVersionDate "2025.04.30"]
[SourceQuality "1"]

1. c4 Nf6 2. Nf3 g6 3. g3 Bg7 4. Bg2 0-0 5. 0-0 c6 6. d4 d5 7. Qa4 Nbd7 8. cxd5 Nb6 9. Qb3 cxd5 10. Nc3 Ne4 11. a4 Nxc3 12. bxc3 Nc4 13. Nd2 Nxd2 14. Bxd2 e6 15. a5 a6 16. Rfd1 Qe7 17. e3 Rd8 18. Rab1 Rb8 19. c4 dxc4 20. Qxc4 Bd7 21. Bb4 Qe8 22. Bc5 Bc6 23. Rb6 Bxg2 24. Kxg2 Be5 25. Rb4 Bd6 26. Bxd6 Rxd6 27. Rdb1 Rc6 28. Qe2 Qd8 29. Qf3 Qxa5 30. Rxb7 Rxb7 31. Rxb7 Rc7 32. Rb8+ Kg7 33. Qa8 Qd5+ 34. Qxd5 exd5 35. Rd8 Ra7 36. Rxd5 a5 37. Rc5 a4 38. Rc2 Kf6 39. Kf3 a3 40. Ra2 Ke6 1/2-1/2

[Event "Bengaluru Namma op 2nd"]
[Site "Bengaluru"]
[Date "2025.04.12"]
[Round "4"]
[White "Kaustuv, Kundu"]
[Black "Sanket, Chakravarty"]
[Result "0-1"]
[WhiteElo "2407"]
[BlackElo "2317"]
[PlyCount "62"]
[EventDate "2025.04.10"]
[EventType "swiss"]
[EventRounds "10"]
[EventCountry "IND"]
[SourceTitle "CB18_2025"]
[SourceDate "2025.04.30"]
[SourceVersion "1"]
[SourceVersionDate "2025.04.30"]
[SourceQuality "1"]

1. Nf3 d5 2. g3 c5 3. Bg2 Nc6 4. d4 e6 5. 0-0 Nf6 6. c4 dxc4 7. Ne5 Bd7 8. Na3 cxd4 9. Naxc4 Be7 10. Qb3 Qc7 11. Bf4 Nh5 12. Nxc6 Nxf4 13. Nxe7 Nxg2 14. Qb4 a5 15. Nd6+ Kxe7 16. Nf5+ Kf6 17. Qe7+ Kg6 18. Nxd4 Rhe8 19. Qa3 e5 20. Qd3+ e4 21. Qb3 Bh3 22. Rac1 Qe5 23. Qb6+ Qf6 24. Qxf6+ gxf6 25. Rfd1 Rac8 26. e3 f5 27. Nb3 Rxc1 28. Rxc1 f4 29. exf4 e3 30. fxe3 Nxe3 31. Nxa5 Ng4 0-1

[Event "Titled Tuesday intern op 01st Apr Early"]
[Site "Chess.com INT"]
[Date "2025.04.01"]
[Round "4"]
[White "Moroni, Luca Jr"]
[Black "Sanket, Chakravarty"]
[Result "1-0"]
[WhiteElo "2555"]
[BlackElo "2326"]
[PlyCount "66"]
[EventDate "2025.04.01"]
[EventType "swiss (blitz)"]
[EventRounds "11"]
[EventCountry "USA"]
[SourceTitle "CB15_2025"]
[SourceDate "2025.04.09"]
[SourceVersion "1"]
[SourceVersionDate "2025.04.09"]
[SourceQuality "1"]

1. d4 d5 2. Bf4 Nf6 3. e3 c5 4. dxc5 e6 5. b4 a5 6. c3 Nc6 7. Bb5 Bd7 8. Qb3 axb4 9. cxb4 b6 10. Bxc6 Bxc6 11. b5 Bb7 12. c6 Bc8 13. Nf3 Be7 14. Nbd2 0-0 15. 0-0 Ra3 16. Qb2 Ne4 17. Nxe4 dxe4 18. Ne5 Qd5 19. Rfd1 Qc5 20. Rac1 Qb4 21. Qxb4 Bxb4 22. c7 Rxa2 23. Nc6 Bc5 24. Rxc5 bxc5 25. Ne7+ Kh8 26. Nxc8 g5 27. Be5+ f6 28. Bxf6+ Rxf6 29. Nd6 Rf8 30. b6 Rb2 31. b7 Rfxf2 32. b8Q+ Kg7 33. Qxb2+ Rxb2 1-0

[Event "IND-ch Rapid"]
[Site "Mahilong"]
[Date "2025.03.21"]
[Round "7"]
[White "Kaustuv, Kundu"]
[Black "Sanket, Chakravarty"]
[Result "1-0"]
[WhiteElo "2325"]
[BlackElo "2199"]
[PlyCount "87"]
[EventDate "2025.03.20"]
[EventType "tourn (rapid)"]
[EventRounds "11"]
[EventCountry "IND"]
[SourceTitle "CB13_2025"]
[SourceDate "2025.03.26"]
[SourceVersion "1"]
[SourceVersionDate "2025.03.26"]
[SourceQuality "1"]

1. Nf3 Nf6 2. g3 d5 3. Bg2 e6 4. 0-0 Be7 5. d3 0-0 6. a4 a5 7. Bf4 Nc6 8. d4 Bd6 9. e3 Re8 10. Nc3 Ne7 11. Nb5 Bxf4 12. exf4 Nf5 13. Nc3 Bd7 14. Ne2 Rc8 15. c3 c5 16. dxc5 Rxc5 17. Ne5 b5 18. axb5 Bxb5 19. Re1 Bxe2 20. Qxe2 Nd6 21. Ra2 Qb6 22. Rea1 Rb5 23. b4 axb4 24. Ra6 Qb8 25. Rxd6 bxc3 26. Rc6 Rb1+ 27. Rxb1 Qxb1+ 28. Bf1 Ne4 29. f3 f6 30. fxe4 fxe5 31. exd5 exf4 32. dxe6 fxg3 33. hxg3 Qb4 34. Qc4 Qb8 35. Qxc3 Qa7+ 36. Qc5 Qb8 37. Kh2 h6 38. Bg2 Qd8 39. Qe5 Re7 40. Rd6 Qf8 41. Qd4 Re8 42. Qe5 Re7 43. Rd7 Kh8 44. Qd6 1-0

[Event "IND-ch Rapid"]
[Site "Mahilong"]
[Date "2025.03.21"]
[Round "5"]
[White "Sharma, Dinesh Kumar"]
[Black "Sanket, Chakravarty"]
[Result "0-1"]
[WhiteElo "2236"]
[BlackElo "2199"]
[PlyCount "138"]
[EventDate "2025.03.20"]
[EventType "tourn (rapid)"]
[EventRounds "11"]
[EventCountry "IND"]
[SourceTitle "CB13_2025"]
[SourceDate "2025.03.26"]
[SourceVersion "1"]
[SourceVersionDate "2025.03.26"]
[SourceQuality "1"]

1. e4 c6 2. d4 d5 3. e5 c5 4. dxc5 e6 5. Nf3 Bxc5 6. Bd3 Nc6 7. 0-0 Nge7 8. a3 a6 9. b4 Ba7 10. Bb2 Ng6 11. Re1 0-0 12. Nbd2 Nf4 13. Nb3 f6 14. exf6 e5 15. fxg7 Rf7 16. Bf1 Bg4 17. Nbd2 e4 18. Nxe4 dxe4 19. Qxd8+ Rxd8 20. Ng5 Rf5 21. Bc4+ Nd5 22. Nxe4 Bd4 23. Bxd4 Nxd4 24. f3 Bxf3 25. gxf3 Nxf3+ 26. Kh1 Nxe1 27. Rxe1 Kxg7 28. Rg1+ Kh6 29. Rd1 b5 30. Bb3 Ne3 31. Re1 Rd1 32. Rxd1 Nxd1 33. Kg2 Ne3+ 34. Kg3 Rf1 35. Nc5 Ra1 36. Kf4 Nc4 37. Nxa6 Nxa3 38. Nc7 Rh1 39. Kg3 Rc1 40. h3 Kg6 41. Kg4 Nxc2 42. Nxb5 Nxb4 43. Nd6 h5+ 44. Kh4 Rc5 45. Bf7+ Kh6 46. Be6 Nd3 47. Bf5 Ne5 48. Be4 Ng6+ 49. Kg3 Rc3+ 50. Kh2 Nf4 51. h4 Kg7 52. Nf5+ Kf6 53. Ng3 Ke5 54. Bb7 Kd4 55. Nf5+ Ke5 56. Ng3 Rb3 57. Bc6 Ra3 58. Be8 Ra2+ 59. Kh1 Ra1+ 60. Kh2 Ra2+ 61. Kh1 Ng2 62. Bxh5 Nxh4 63. Nf1 Kf4 64. Bf7 Rb2 65. Bh5 Nf5 66. Kg1 Nh4 67. Kh1 Nf3 68. Be8 Rc2 69. Bh5 Rf2 0-1

[Event "Goa op"]
[Site "Taleigao"]
[Date "2025.01.16"]
[Round "6"]
[White "Sanket, Chakravarty"]
[Black "Ghosh, Diptayan"]
[Result "1/2-1/2"]
[WhiteElo "2374"]
[BlackElo "2569"]
[PlyCount "48"]
[EventDate "2025.01.11"]
[EventType "swiss"]
[EventRounds "10"]
[EventCountry "IND"]
[SourceTitle "CB04_2025"]
[SourceDate "2025.01.22"]
[SourceVersion "1"]
[SourceVersionDate "2025.01.22"]
[SourceQuality "1"]

1. d4 Nf6 2. Nf3 d5 3. e3 e6 4. Bd3 b6 5. b3 Bb7 6. Bb2 Nbd7 7. Nbd2 Ne4 8. 0-0 Bd6 9. Ne5 0-0 10. Nxd7 Qxd7 11. f3 Nxd2 12. Qxd2 c5 13. dxc5 Bxc5 14. Kh1 Qe7 15. f4 f6 16. Qe2 Rad8 17. Rf3 d4 18. Rh3 f5 19. exd4 Bxd4 20. Bxd4 Rxd4 21. Qe5 Rd5 22. Qe2 Rd4 23. Qe5 Rd5 24. Qe2 Rd4 1/2-1/2

[Event "Chennai op 15th"]
[Site "Chennai"]
[Date "2025.01.04"]
[Round "4"]
[White "Dhananjay, S."]
[Black "Sanket, Chakravarty"]
[Result "1/2-1/2"]
[WhiteElo "2270"]
[BlackElo "2374"]
[PlyCount "80"]
[EventDate "2025.01.02"]
[EventType "swiss"]
[EventRounds "10"]
[EventCountry "IND"]
[SourceTitle "CB03_2025"]
[SourceDate "2025.01.15"]
[SourceVersion "1"]
[SourceVersionDate "2025.01.15"]
[SourceQuality "1"]

1. e4 c5 2. Nf3 d6 3. d4 cxd4 4. Qxd4 Nc6 5. Qe3 g6 6. Be2 Bg4 7. 0-0 Bg7 8. Rd1 Qb6 9. Qxb6 axb6 10. c3 Nf6 11. Nbd2 Nd7 12. Nd4 Bxe2 13. Nxe2 b5 14. a3 b4 15. cxb4 Nxb4 16. Nb3 Nc6 17. Rb1 0-0 18. Bd2 b5 19. Rdc1 Rfc8 20. Rc2 Nde5 21. Nc3 Rab8 22. Na2 Nd3 23. Bc3 b4 24. Bxg7 Kxg7 25. Rd1 Nce5 26. Rxc8 Rxc8 27. Nxb4 Nxb4 28. axb4 Rb8 29. Nd4 Rxb4 30. b3 Nd7 31. Nc6 Rxe4 32. f3 Re3 33. Kf2 Rxb3 34. Nxe7 Rb2+ 35. Kf1 Ne5 36. Rxd6 Rb7 37. Nd5 Rb1+ 38. Kf2 Rb2+ 39. Kg3 Rd2 40. Nf6 Rxd6 1/2-1/2

[Event "Penang Heritage op 16th"]
[Site "Penang"]
[Date "2024.12.27"]
[Round "8"]
[White "Sanket, Chakravarty"]
[Black "Mirano, Jan Francis"]
[Result "1-0"]
[WhiteElo "2374"]
[BlackElo "2128"]
[PlyCount "95"]
[EventDate "2024.12.23"]
[EventType "swiss"]
[EventRounds "9"]
[EventCountry "MAS"]
[SourceTitle "CB14_2025"]
[SourceDate "2024.11.01"]
[SourceVersion "1"]
[SourceVersionDate "2024.11.01"]
[SourceQuality "1"]

1. e4 c5 2. Nf3 Nc6 3. Bb5 g6 4. 0-0 Bg7 5. c3 e5 6. d4 cxd4 7. cxd4 exd4 8. Bf4 Nge7 9. Bd6 0-0 10. Nbd2 a6 11. Bc4 b5 12. Bd5 Bb7 13. a4 Nxd5 14. Bxf8 Qxf8 15. axb5 axb5 16. Rxa8 Qxa8 17. exd5 Ne7 18. Qb3 Nxd5 19. Qxb5 Bc6 20. Qc4 Nf4 21. Re1 Bh6 22. Qxd4 Nxg2 23. Kxg2 Bxd2 24. Qxd2 Bxf3+ 25. Kg1 Bd5 26. b4 Be6 27. Qd4 Qf3 28. Rc1 f6 29. Rc3 Qf5 30. Rc5 Qb1+ 31. Kg2 Kg7 32. h4 h5 33. Rc3 Qf5 34. Rg3 Bd5+ 35. Kh2 Be4 36. Qe3 Bc6 37. Rg1 Be4 38. Re1 Bd5 39. b5 Be6 40. b6 Qb5 41. Qd4 Kf7 42. Re4 g5 43. hxg5 fxg5 44. Re5 Qb3 45. Rxg5 h4 46. Rg7+ Ke8 47. Qf6 Qb4 48. Re7+ 1-0

[Event "Penang Heritage op 16th"]
[Site "Penang"]
[Date "2024.12.26"]
[Round "7"]
[White "Mirano, Jan Francis"]
[Black "Sanket, Chakravarty"]
[Result "1/2-1/2"]
[WhiteElo "2128"]
[BlackElo "2374"]
[PlyCount "112"]
[EventDate "2024.12.23"]
[EventType "swiss"]
[EventRounds "9"]
[EventCountry "MAS"]
[SourceTitle "CB14_2025"]
[SourceDate "2024.11.01"]
[SourceVersion "1"]
[SourceVersionDate "2024.11.01"]
[SourceQuality "1"]

1. b4 e5 2. Bb2 Bxb4 3. Bxe5 Nf6 4. c3 Be7 5. d4 d5 6. Bxf6 Bxf6 7. g3 0-0 8. Bg2 c6 9. e3 Nd7 10. Nd2 Be7 11. Ne2 Bd6 12. 0-0 Qe7 13. c4 Nf6 14. Nf4 Bg4 15. Qc2 Rad8 16. Rfe1 Bb4 17. h3 Bc8 18. cxd5 Nxd5 19. Nxd5 cxd5 20. Red1 Be6 21. Qb3 Bxd2 22. Rxd2 Qd7 23. Rc1 Bxh3 24. Bxh3 Qxh3 25. Qxb7 Rd6 26. Rdc2 h5 27. Rc8 Rxc8 28. Qxc8+ Qxc8 29. Rxc8+ Kh7 30. Rc7 Ra6 31. Rxf7 Rxa2 32. Rf5 Kg6 33. Rxd5 a5 34. Kg2 a4 35. e4 a3 36. Ra5 Ra1 37. Kf3 a2 38. Ra6+ Kf7 39. d5 g5 40. e5 h4 41. gxh4 gxh4 42. Kg2 Rd1 43. Rxa2 Rxd5 44. f4 Ke6 45. Kf3 Kf5 46. Ra6 Rd3+ 47. Ke2 Rd8 48. Ke3 h3 49. Rh6 Ra8 50. Rh4 Ra4 51. Rh5+ Kg4 52. Rg5+ Kh4 53. Rg6 h2 54. Re6 Rd4 55. Ra6 Rd5 56. Ra4 Rd1 1/2-1/2

[Event "Udaipur Kingdom of Chess op 1st"]
[Site "Udaipur"]
[Date "2024.10.26"]
[Round "7"]
[White "Negi, Virender Singh"]
[Black "Sanket, Chakravarty"]
[Result "0-1"]
[WhiteElo "1851"]
[BlackElo "2381"]
[PlyCount "68"]
[EventDate "2024.10.23"]
[EventType "swiss"]
[EventRounds "9"]
[EventCountry "IND"]
[SourceTitle "CB44_2024"]
[Source "Chessbase"]
[SourceDate "2024.10.30"]
[SourceVersion "1"]
[SourceVersionDate "2024.10.30"]
[SourceQuality "1"]

1. Nf3 d5 2. c4 e6 3. e3 Nf6 4. Nc3 Bd6 5. b3 0-0 6. Bb2 Nbd7 7. Be2 c6 8. Qc2 Re8 9. Rc1 Qe7 10. d4 dxc4 11. Bxc4 b5 12. Bd3 Bb7 13. Ne4 Nxe4 14. Bxe4 Nf6 15. Bd3 Rac8 16. Qe2 Bb4+ 17. Nd2 c5 18. 0-0 cxd4 19. Bxd4 a6 20. Bb1 Rcd8 21. Nf3 Ba3 22. Rcd1 Ne4 23. Nd2 e5 24. Ba1 Nxd2 25. Rxd2 Qg5 26. g3 Rxd2 27. Qxd2 Bf3 28. Qd7 Rd8 29. Qf5 Qxf5 30. Bxf5 f6 31. Bb1 Kf7 32. h3 h5 33. Bc3 b4 34. Ba1 g5 0-1